Culture shock! : Morocco.
| Main Author: | |
|---|---|
| Format: | Book |
| Published: |
Singapore:
Marshall Cavendish Editions,
2006.
|
| Series: | Culture shock!
|
| Subjects: |
| LEADER | 00568cam a2200193 7i4500 | ||
|---|---|---|---|
| 001 | 0000019085 | ||
| 005 | 20070327090000.0 | ||
| 020 | 0 | 0 | |a 981-261-261-0 |
| 090 | 0 | 0 | |a MORC 964 |b HAR |
| 100 | 1 | 0 | |a Hargraves |
| 245 | 2 | 0 | |a Culture shock! : |b Morocco. |
| 260 | 0 | 0 | |a Singapore: |b Marshall Cavendish Editions, |c 2006. |
| 300 | # | # | |a 296 p. |
| 440 | 0 | 0 | |a Culture shock! |
| 650 | 0 | 0 | |a Etiquette -- |z Morocco |
| 650 | 0 | 0 | |a Morocco -- |x Social life and customs |
| 650 | 0 | 0 | |a Doing business -- |z Morocco |
| 651 | 0 | 0 | |a Morocco |
| 999 | |a B000019674 |b Book |c Countries |e Business Information Centre | ||


